| 000 | 00000nas##2200000za#4500 |
| 001 | 9.501522 |
| 003 | CaOODSP |
| 005 | 20250319165014 |
| 007 | cr ||||||||||| |
| 008 | 150406c2005||||xxc|| m o||||f| |0fre|d |
| 040 | |aCaOODSP|bfre |
| 043 | |an-cn--- |
| 086 | 1 |aHP24-6F-PDF |
| 110 | 1 |aCanada.|bDivision du vieillissement et des aînés. |
| 245 | 10|aInfo-aînés |h[ressource électronique] |
| 260 | |aOttawa - Ontario : |bAgence de santé publique du Canada. |
| 310 | |aIrrégulier |
| 520 | 3 |aCette série de feuillets d’information offre aux aînés des renseignements sur la santé et des questions connexes qu’il faut aborder lorsqu’on vieillit. On y aborde notamment les sujets suivants : la maladie, notamment les maladies du cœur et le diabète; les changements physiques, comme la vue et la perte de l’ouïe; et les questions liées aux soins de santé, comme les aides fonctionnelles et les soins palliatifs. Chaque feuillet d’information renferme une section présentant des points d’information. |
| 691 | 07|aAîné|2gcpds |
| 775 | 08|tInfo-sheet for seniors |w(CaOODSP)9.505121 |
| 776 | 0#|tInfo-aînés |w(CaOODSP)9.513075 |